Introduction to probability and statistics : principles and applications for engineering and the computing sciences (Record no. 84216)

MARC details
000 -LEADER
fixed length control field 00475nam a22001337a 4500
008 - FIXED-LENGTH DATA ELEMENTS--GENERAL INFORMATION
fixed length control field 240123b |||||||| |||| 00| 0 eng d
020 ## - INTERNATIONAL STANDARD BOOK NUMBER
International Standard Book Number 9780071198592
050 ## - LIBRARY OF CONGRESS CALL NUMBER
Classification number TA 330 Mil
100 ## - MAIN ENTRY--PERSONAL NAME
9 (RLIN) 2006
Personal name Milton, J. Susan
245 ## - TITLE STATEMENT
Title Introduction to probability and statistics : principles and applications for engineering and the computing sciences
Statement of responsibility, etc. / by J. Susan Milton and Jesse C. Arnold
250 ## - EDITION STATEMENT
Edition statement Fourth edition
260 ## - PUBLICATION, DISTRIBUTION, ETC.
Place of publication, distribution, etc. Boston :
Name of publisher, distributor, etc. McGraw-Hill,
Date of publication, distribution, etc. 2003
942 ## - ADDED ENTRY ELEMENTS (KOHA)
Source of classification or shelving scheme
Holdings
Withdrawn status Lost status Source of classification or shelving scheme Damaged status Not for loan Collection code Home library Current library Shelving location Date acquired Source of acquisition Total Checkouts Full call number Barcode Date last seen Date last checked out Copy number Price effective from Koha item type
          Main Library Open Access Collection CBU-MAIN LIBRARY, KITWE. CBU-MAIN LIBRARY, KITWE. General Stacks 01/23/2024 Book Aid International 1 TA 330 Mil 749636 02/06/2024 01/23/2024 1 01/23/2024 MONOGRAPH